Robinson Crusoe

Novela de aventura más conocida de Daniel Defoe que relata la historia de Robinson Crusoe, un marinero de York, que tras varias desventuras acaba siendo el único superviviente del barco, volviéndose náufrago en una isla desierta por 28 años. Es hasta que descubre que esta es visitada cada cierto tie...

תיאור מלא

שמור ב:
מידע ביבליוגרפי
מחבר ראשי: Defoe, Daniel
פורמט: ספר
שפה:Undetermined
יצא לאור: Londres, Inglaterra Collins´ Clear-Type [s.f.]
נושאים:
תגים: הוספת תג
אין תגיות, היה/י הראשונ/ה לתייג את הרשומה!

MARC

LEADER 00000nam a2200000Ia 4500
008 170316s9999 xx 000 0 und d
040 |a cru BVZT 
090 |a 820 D-3r 
100 |a Defoe, Daniel 
245 |a Robinson Crusoe 
260 |a Londres, Inglaterra 
260 |b Collins´ Clear-Type 
260 |c [s.f.] 
300 |a 348 páginas 
520 |a Novela de aventura más conocida de Daniel Defoe que relata la historia de Robinson Crusoe, un marinero de York, que tras varias desventuras acaba siendo el único superviviente del barco, volviéndose náufrago en una isla desierta por 28 años. Es hasta que descubre que esta es visitada cada cierto tiempo por un grupo indígenas caníbales y tras rescatar un prisionero, Viernes, se unen para rescatar a los demás prisioneros y buscar la manera de contactar con el exterior. 
650 |a LITERATURA INGLESA  |9 12 
650 |a NOVELA  |9 13 
650 |a EN IDIOMA INGLÉS  |9 129 
999 |c 6848  |d 6848 
942 |c 15 D  |h 820 D-3r  |2 z